Statistics for Lana Del Rey songs

Click here to take the quiz!

General Stats

  • This quiz has been taken 48 times
  • The average score is 47 of 54

Answer Stats

QuestionTileSelect% Correct
Money Power GloryNo
98%
AmericanNo
98%
AmericanNo
98%
AmericanNo
98%
Don't Let Me Be MisunderstoodNo
98%
Don't Let Me Be MisunderstoodNo
95%
AmericanNo
95%
Money Power GloryNo
95%
SweetNo
95%
BartenderNo
95%
Breaking Up SlowlyNo
93%
Tomorrow Never CameNo
93%
Nectar Of The GodsNo
93%
Money Power GloryNo
93%
Tomorrow Never CameNo
93%
Nectar Of The GodsNo
93%
BartenderNo
93%
Money Power GloryNo
93%
Nectar Of The GodsNo
93%
Money Power GloryNo
93%
SweetNo
93%
SweetNo
93%
SweetNo
93%
Don't Let Me Be MisunderstoodNo
93%
Don't Let Me Be MisunderstoodNo
93%
BartenderNo
90%
Lucky OnesNo
90%
Lucky OnesNo
90%
Breaking Up SlowlyNo
90%
Breaking Up SlowlyNo
90%
Tomorrow Never CameNo
90%
Breaking Up SlowlyNo
90%
Nectar Of The GodsNo
90%
AmericanNo
90%
Don't Let Me Be MisunderstoodNo
90%
Nectar Of The GodsNo
90%
Lucky OnesNo
90%
Tomorrow Never CameNo
88%
BartenderNo
85%
Lucky OnesNo
85%
SweetNo
85%
BartenderNo
83%
Money Power GloryYes
83%
Nectar Of The GodsYes
80%
Breaking Up SlowlyNo
80%
SweetYes
78%
AmericanYes
78%
Don't Let Me Be MisunderstoodYes
78%
Tomorrow Never CameNo
75%
Breaking Up SlowlyYes
73%
Tomorrow Never CameYes
68%
BartenderYes
65%
Lucky OnesNo
50%
Lucky OnesYes
48%

Score Distribution

Percentile by Number Answered

Percent of People with Each Score

Your Score History

You have not taken this quiz